000 00487nam a2200205Ia 4500
008 240510s9999 xx 000 0 und d
020 _a0008129708485
041 _aEng
082 _a005.117
082 _bL41
100 _aLIBERTY J. : JONES, B. :
245 0 _aSAMS TEACH YOURSELF C++ IN 21 DAYS
250 _a5th ed.
260 _bNEW DELHI : PERASON
260 _c2005
300 _a909 p.
650 _aC++: OBJECT ORENTED PROGRAMMING
942 _2ddc
942 _cRBK
999 _c28092
_d28092
945 _a1
_bMadushi Gamage
_c1
_dMadushi Gamage